MDQL
is popping MORE tags! Check the
thread
!
Quizzes
Events
Quiz Creation
Community
Videos
Private Events
Remove Ads
Sign In
Join for FREE
Feedback
Dark Mode
Quiz Categories
Sports
Geography
Music
Movies
Television
Just For Fun
Miscellaneous
History
Literature
Language
Science
Gaming
Entertainment
Religion
Holiday
For Kids
Quiz Lab
Recent
Popular Today
Quiz Kudos Today
Editor Picks
Curator Picks
Quizzes by...
Day
Popularity
Type
Ratings
Length
Year
Community
Subscriptions
Recent Discussions
Orange Saloon
Badges
Playlists
Quests
Create
Leaderboards
Showdown
Live 5
Trivia Bingo
Activity
Puzzle Library
Sporcle Events
Private Events
Virtual Trivia
Globe League
Become a Host
Pub Owners
SporcleCon
Opinionation
Our Games
Videos
Blog
Mobile Apps
Partnerships
Remove Ads and Go Orange
Feedback
Music
Pop Music
The Beatles
Song
Album
Lyrics
Bands
Singers
Artist
Clip
Rock
Rap
Classical
Billboard
Country Music
Kpop
Taylor Swift
Music
Pop Music
The Beatles
Song
Album
Lyrics
Bands
Singers
Artist
Clip
Rock
Rap
Classical
Billboard
Country Music
Kpop
Taylor Swift
Random Quiz
Search Sporcle
×
Curator Pick
Curator Pick
Music
Song
Type in answers that appear in a list
Type in answers that appear in a list
Classic
Best Score? Go Orange.
'Teenager' Lyrics - MCR Stats
Can you name the lyrics to the song 'Teenager' by My Chemical Romance?
By
Ubbiebubbie
8m
164 Questions
5,124 Plays
5,124 Plays
5,124 Plays
Comments
Comments
Give Quiz Kudos
Give Quiz Kudos
-
- Ratings
hide this ad
Replay
Link that replays current quiz
Next Quiz
Link to next quiz in quiz playlist
You Got
0%
They Got
Avg Score
87%
Avg Friend Score
Upgrade to see
Score Distribution
Jump to the score distribution portion of the page
Score
0/164
Timer
08:00
1
Play Today
% Correct
[CHORUS]
100%
[CHORUS]
99.9%
[CHORUS x 2]
99.9%
Oh
98.9%
the
98.8%
the
98.7%
the
98.7%
the
98.7%
the
98.7%
the
98.7%
The
98.7%
the
98.7%
The
98.7%
the
98.7%
they
97.5%
they
97.5%
they
97.5%
They
97.5%
They
97.5%
they
97.5%
they
97.5%
a
97.4%
a
97.4%
a
97.4%
a
97.4%
you
97.1%
you,
97.1%
you
97.1%
you
97.1%
you
97.1%
you
97.1%
you
97.1%
of
96.7%
of
96.6%
of
96.6%
out
96.3%
out
96.3%
me
96.2%
me
96.2%
your
95.6%
your
95.6%
Your
95.6%
your
95.6%
your
95.6%
teenagers
95.5%
scare
94.6%
sh*t
94.6%
So
94.5%
So
94.5%
an
94%
living
94%
in
93.5%
in
93.5%
in
93.5%
in
93.5%
% Correct
all
93.1%
all
93.1%
all
93.1%
All
93.1%
And
93%
and
93%
and
93%
gonna
92.3%
gonna
92.3%
gonna
92.3%
gonna
92.3%
To
91.5%
to
91.5%
as
91.4%
as
91.4%
up
91.3%
up
91.3%
make
90.8%
make
90.8%
clean
90.6%
clean
90.6%
With
90%
with
90%
care
89.8%
They're
89.4%
They're
89.4%
They're
89.4%
less
88.7%
looks
88.4%
bleed
88.4%
long
88.3%
lies
88.3%
never
88%
never
88%
things
87.9%
things
87.9%
books
87.7%
on
87%
do
87%
keep
86.8%
citizen
86.8%
someone'll
86.7%
but
86.7%
But
86.7%
could
86.4%
pose
85.8%
can
85.7%
not
85.7%
violent
85.6%
got
85.4%
got
85.4%
gun
85.3%
'Cause
85.1%
eye
85.1%
strike
84.8%
% Correct
clothes
84.6%
son
84.4%
give
83.9%
that
83.9%
that
83.9%
drugs
83.8%
work
83.3%
leave
83%
alone,
83%
sleep
82.8%
watch
82.5%
Because
82.4%
Because
82.4%
said
82.3%
they'll
81.8%
keeping
81%
smirk
80.8%
machine
80.8%
murder
80.7%
boys
80.5%
rip
80.5%
girls
80.5%
methods
79.5%
darken
79.3%
Another
79.3%
kid
78.8%
You're
78.5%
you're
78.5%
Maybe
77.8%
Will
77.5%
much,
77.2%
shreds
77.2%
fit
77.2%
for
76.5%
shirt
76.4%
aspirations
76%
under
75.8%
names
75.4%
What
75.4%
did
75.2%
cog
75.1%
pay
75%
them
74.9%
stick
74.7%
clique
73.5%
awful
73.4%
if
72.6%
hurt
71.2%
heads,
71.1%
or
70.5%
troubled
67.6%
now!
64.7%
together
62.3%
yeah!
61.5%
Quiz Playlist
Details
Report
Send in Message
Add To Playlist
Classic:
Type in answers that appear in a list
Last Updated: Jul 23, 2017
Curator Pick in
Lyrics
Quiz Scoreboard
CHALLENGE
Sign Up to Join the Scoreboard
Show All
Scores
Hide
Comments
May contain spoilers
Recently Published
Street Fighter Characters
by Artimus82
Gaming
60s
9x9 Crossword: Cartoon Network
by jackfrog10
Miscellaneous
3m
College Basketball Coaching Resumes
by pancakes188
Sports
9m
More to Explore
Quiz From the Vault
Featured Blog Post
Where Did the Easter Bunny Come From?
hide this ad
You Might Also Like...
Tags
Lyrics Quiz
Song Quiz
mcr
Romance
Teenager
Today's Top Quizzes in Music
Browse Music
hide this ad
Today's Top Quizzes in Song
Browse Song
Top Contributed Quizzes in Music
1
Taylor Swift All Songs (2024)
2
Taylor Swift Logic Puzzle
3
Guess the Artist- 70s Songs
4
7-to-1: Billboard Hot 100 #1 Hits of 2010s
5
Sorting Albums and Songs
6
KPOP LOGIC QUIZ
7
Guess the Taylor Swift song (Mystery Song)
8
Guess The Taylor Swift Lyrics Song #1
9
Billboard Blitz: ABBA
10
Billboard Blitz: The Beatles
Explore More
Trending Topics
NBA
Anime
Kpop
Harry Potter
Marvel
Disney
Crossword
The Office
Song
Puzzle
Country
WWE
Soccer
NFL
Pokémon
hide this ad
More By:
Ubbiebubbie
Quiz
Plays
Rating
Category
Featured
Created
100 Number Matching Madness
546,363
3.97
Just For Fun
Dec 4, 2012
Border Hopping Bonanza
407,510
3.30
Geography
Mar 30, 2012
Languages per Continent Minefield
193,213
3.78
Language
Aug 8, 2015
Mountain Range Country Minefield Blitz
112,421
4.34
Geography
Jul 23, 2015
Asian 'L' Countries
99,183
4.53
Geography
May 6, 2013
Go to Creator's Profile
Score Distribution
Quiz Creator Spotlight
Ubbiebubbie
Follow
Send a Message
Quizzes Created
-
Created Quiz Play Count
-
More By This Creator
Popular Quizzes Today
1
Find the US States - No Outlines Minefield
2
Find the Countries of Europe - No Outlines Minefield
3
The Countries of the World
4
Find the US States
5
Risky Map Clicking: Biggest States A-Z
6
US States
7
Popular People in 1961
8
Movies - When Are They Set?
More Music Quizzes
Taylor Swift: Two Word Song Match
Quiz Lab
Trending Quizzes
Risky Map Clicking: Least Populous States A-Z
Countries of the World: 200 Million BC
1-10 Letter G Words
Risky Map Clicking: Next State Alphabetically
Adjectives in 80s TV Shows
Recently Updated
Leaping Animals
pecheneg
Reality TV Shows (A-Z)
bhenderson79
Rickey Henderson's Hall of Fame Teammates
pecheneg
Champions League XIs: Arsenal
pecheneg
Quick Pick: Celebrities in WWE's Hall of Fame
aduchscher
A-Z Keypad Blitz II
pecheneg
Multiple Oscar Actors
pecheneg
Mystery Phrase Blitz: Oscar 'Best Actors'
pecheneg
F. Scott Fitzgerald Novels
LTH
Pick 3 Villains
ddd62291
Trending Topics
Kpop
Crossword
NBA
Anime
Marvel
Disney
Harry Potter
The Office
Puzzle
Soccer
Pokémon
WWE
NFL
Song
Country
Your Account Isn't Verified!
In order to create a playlist on Sporcle, you need to verify the email address you used during registration. Go to your
Sporcle Settings
to finish the process.
Report this User
Report this user for behavior that violates our
Community Guidelines
.
Details:
Send Report
Go to the Sporcle.com Mobile Site →
Comments